Normal view
MARC view
- Plum, Stephanie (Fictitious character)
Entry Topical Term
001 - CONTROL NUMBER
- control field: 7678
003 - CONTROL NUMBER IDENTIFIER
- control field: NUST
005 - DATE AND TIME OF LATEST TRANSACTION
- control field: 20171227111642.0
008 - FIXED-LENGTH DATA ELEMENTS
- fixed length control field: 171227|| aca||aabn | a|a d
040 ## - CATALOGING SOURCE
- Original cataloging agency: NUST
- Transcribing agency: NUST
150 ## - HEADING--TOPICAL TERM
- Topical term or geographic name entry element: Plum, Stephanie (Fictitious character)
- Form subdivision: Fiction.
670 ## - SOURCE DATA FOUND
- Source citation: Work cat.: (NUST)0: Evanovich, Janet. 7677, Fearless fourteen /, 2008.
